Les 10 auteurs les plus traduits - Statistiques

Statistiques générales
  • Ce quiz a été pris 84 fois
  • Le résultat moyen est 2 sur 10
Statistiques - réponses
Hint Réponse % Correct
Anglais (UK) Agatha Christie
72%
Anglais (UK) William Shakespeare
65%
Danois Hans Christian Andersen
32%
Français Jules Verne
28%
Anglais (US) Stephen King
23%
Allemand Jacob Grimm
14%
Anglais (UK) Barbara Cartland
2%
Russe Lénine
2%
Anglais (US) Danielle Steel
1%
Anglais (UK) Enid Blyton
1%
Aucun quiz correspondant
Distribution des résultats
% des personnes avec chaque résultat
Percentile par nombre de réponses
Votre historique - résultats
Vous n’avez pas pris ce quiz